000 00441nam a2200181Ia 4500
005 20240823032251.0
008 240823s9999||||xx |||||||||||||| ||und||
041 _aENGLISH
082 _A005.7565 N2
100 _a"Mueller,John"
245 0 _aIllustrated Clipper Version 5.0 and 5.01
250 _a2nd-Re
260 _c1992
_b"BPB,New Delhi"
500 _aYES
650 _aClipper
_bComputer Science
942 _cBK
999 _c193051
_d193051